Misja Wysokich Komisarzy Kościelnych na Górnym Śląsku podczas powstań śląskich i plebiscytu
| Titel: | Misja Wysokich Komisarzy Kościelnych na Górnym Śląsku podczas powstań śląskich i plebiscytu / Damian Bednarski. |
|---|---|
| Verfasser: | |
| Veröffentlicht: | Katowice : Centrum Badań nad Historią Kościoła im. ks. Wincentego Myszora ; Instytut Gość Media ; Księgarnia św. Jacka, 2025 |
| Umfang: | 348 Seiten ; 24 cm |
| Format: | Buch |
| Sprache: | Polnisch |
| Schriftenreihe/ mehrbändiges Werk: |
Źródła do Dziejów Kościoła Katolickiego na Górnym Śląsku ; nr 36 |
| ISBN: | 9788397539709 ; 8397539700 ; 9788368348262 ; 8368348269 |
| Hinweise zum Inhalt: |
Buch Bibliographie
Cover Register Inhaltsverzeichnis |
alg: 53158167 001A $03004:07-07-25 001B $01999:07-08-25 $t13:58:45.000 001D $03004:07-07-25 001U $0utf8 001X $00 002@ $0Aau 002C $aText $btxt $2rdacontent 002D $aohne Hilfsmittel zu benutzen $bn $2rdamedia 002E $aBand $bnc $2rdacarrier 003@ $0531581675 003O $01527062608 $aOCoLC 004A $A978-83-975397-0-9 $f((oprawa miękka ;) 004A $083-975397-0-0 004A $A978-83-68348-26-2 $f((oprawa miękka ;) 004A $083-68348-26-9 006C $01526848308 $aOCoLC 007A $0531581675 $aHEB 007G $0 009P $qapplication/pdf $A2 $3Buch Bibliographie $uhttp://scans.hebis.de/HEBCGI/show.pl?53158167_bib.pdf $mV:DE-603;B:DE-Mb50 009P $qapplication/pdf $A2 $3Cover $uhttp://scans.hebis.de/HEBCGI/show.pl?53158167_cov.pdf $mV:DE-603;B:DE-Mb50 009P $qapplication/pdf $A2 $3Register $uhttp://scans.hebis.de/HEBCGI/show.pl?53158167_idx.pdf $mV:DE-603;B:DE-Mb50 009P $qapplication/pdf $A2 $3Inhaltsverzeichnis $uhttp://scans.hebis.de/HEBCGI/show.pl?53158167_toc.pdf $mV:DE-603;B:DE-Mb50 010@ $apol $ceng $cger $cita 010E $erda 011@ $a2025 $n2025 013D $RQuellenforschung $#History -- Sources $#Histoire -- Sources $#Akten Formschlagwort $#Augenzeugenbericht Formschlagwort $#Texte Formschlagwort $#Historische Quelle $#Geschichtsquelle $#Quellensammlung $#Quellen $74135952-5 $8Quelle [Ts1] $9085503576 013D $RBrief $#Correspondence $#Correspondance $#Corrispondenza $#Schriftwechsel $#Korrespondenz Schriftverkehr $74180011-4 $8Schriftverkehr [Ts1] $9085858447 021A $aMisja Wysokich Komisarzy Kościelnych na Górnym Śląsku podczas powstań śląskich i plebiscytu $hDamian Bednarski. 028A $BVerfasser $#Bednarski, Damian Ks. $4aut $71094895768 $8Bednarski, Damian$Z1975- [Tp3] $9377733806 033A $pKatowice $nCentrum Badań nad Historią Kościoła im. ks. Wincentego Myszora ; Instytut Gość Media ; Księgarnia św. Jacka 034D $a348 Seiten 034I $a24 cm 036E $aŹródła do Dziejów Kościoła Katolickiego na Górnym Śląsku $lnr 36 037A $aQuellen- und Literaturverzeichnis Seite 99-113 044A $aAntologia $2dbn $S#7 $N655 044A $aKorespondencja $2dbn $S#7 $N655 044A $aWydawnictwo źródłowe $2dbn $S#7 $N655 044K $RKatholische Kirche $RKatholische Kirche $#Katholische Kirche, Heiliger Stuhl $#Katholische Kirche, Sedes Apostolica $#Katholische Kirche, Apostolischer Stuhl $#Ecclesia Catholica, Sancta Sedes $#Katholische Kirche, Santa Sede $#Katholische Kirche, Saint-Siège $#Katholische Kirche, Santa Sé $#Katholische Kirche, Holy See $#Sancta Sedes $#Heiliger Stuhl $#Der @Heilige Stuhl $#Sedes Apostolica $#Apostolischer Stuhl $#Santa Sede $#Saint-Siège $#Santa Sé $#Holy See $#Vatikan $72003256-0 $8Katholische Kirche$bSancta Sedes [Tb1] $9042598532 044K $#PiusXI $#Pius XI $#Pius XI. $#Ratti, Achille $#Rattus, Achilles $#Ratti, Achille A. $#Pie XI. $#Ratti, Achilles $#Ratti, A. $#Pie XI $#Pie XI $#Pio XI $#Pio XI $#Pio XI $#Pius XI $#Pius XI $#Pius 11 $#Papst Pius XI. $#Pie XI $#Pius 11 $#Pius $#Pio XI $#Pius 11 $#Ratti, Achille Ambrogio $#Ratti, Achille Ambrogio Damiano $#Pio $#Pie $7118594745 $8$PPius$nXI.$lPapst$Z1857-1939 [Tp1] $9086935720 044K $RKatholische Kirche $RKatholische Kirche $#Apostolische Nuntiatur Polen $#Apostolische Nuntiatur in Polen $#Apostolische Nuntiatur Warschau $#Apostolische Nuntiatur in Warschau $#Nuntiatura Polona $75080570-8 $8Katholische Kirche$bNuntiatur$gPolen, 1918- [Tb1] $9044935358 044K $#Gasparri, Peter $#Gasparri, Petrus $#Gaspari, Pietro $#Gaspari, Petrus $#Gasparri, Petro $#Gasparrus, Petrus $#Gasparri, Pietro Kardinal, Italien $#Gasparri, Pietro Cardinal, Italie $#Gasparri, Pietro Cardinal, Italy $#Gasparri, Petrus Kardinal, Italien $#Gasparri, Petrus Cardinal, Italie $#Gasparri, Petrus Cardinal, Italy $7118689657 $8Gasparri, Pietro$Z1852-1934 [Tp1] $9087030470 044K $RPolen-Litauen $RKongresspolen $RWestgalizien $RStaat Krakau $#Generalgouvernement Polen $#Polska $#Rzeczpospolita Polska $#Polska Rzeczpospolita Ludowa $#Poland $#Pologne $#République Polonaise $#Generalne Gubernatorstwo w Polsce $#Polish People's Republic $#Polska Rzeczpospolita Polen $#PRL $#RP $#Polen Generalgouvernement $#Polska Generalgouvernement $#Besetzte Polnische Gebiete $#Besetztes Gebiet in Polen $#Okupowane Polskie Obszary $#Obszary Okupowane w Polsce $#Volksrepublik Polen $#Polska Rosyjska $#Republic Polen $#Respublika Pol'ša $#Pol'skaja Narodnaja Respublika $#République de Pologne $#Polen Links der Weichsel $#Polska po Lewej Stronie Wisły $#Lenkija $#Polija $#Gubernija Carstva Pol'skago $#Republik Polen $74046496-9 $8Polen [Tg1] $9085129801 044K $RSchlesien $RSchlesien $#Oberschlesien $#Górny Śla̜sk $#Horní Slezsko $74042978-7 $8Oberschlesien [Tg1] $9085119679 044K $RDiakon $RPriester $RBischof $#Clergy $#Catholic Church Clergy $#Clergé $#Église catholique Clergé $#Clero $#Iglesia Católica Clero $#Klerus $#Katholische Geistlichkeit $#Katholischer Klerus $#Kleriker $74031147-8 $8Klerus [Ts1] $908508249X 044K $RAufstand $RTeilung $74470585-2 $8Aufstände in Oberschlesien$g1919-1921 [Ts1] $9088973816 044K $RVolksabstimmung $RTeilung $74172286-3 $8Volksabstimmung in Oberschlesien [Ts1] $908579578X 044K $RPolitik $RSicherheitspolitik $RInternationale Politik $RDiplomatie $#International relations $#Relations internationales $#Auswärtige Angelegenheiten $#Auswärtige Politik $#Außenbeziehungen Außenpolitik $74003846-4 $8Außenpolitik [Ts1] $9085002038 045F $a200.943809041 $eDDC23BSB 045F/01 $a200.9 045F/03 $f09041 045F/03 $f09042 045F/03 $g438 045F/03 $g45 045R $aGeschichte 1919-1921 046L $aInhaltsverzeichnis auch auf Englisch lok: 53158167 24 exp: 53158167 24 1 #EPN 201B/01 $007-07-25 $t16:54:37.000 201C/01 $007-07-25 201U/01 $0utf8 203@/01 $01312190019 208@/01 $a07-07-25 $bz 209A/01 $a25.03470 $du $f050 $h25 03470 $x00 209C/01 $a25.03470 K $h25 03470 K 209G/01 $a75084226 $x00 220C/01 $ahae 247C/01 $8358050-7 Marburg, Bibliothek des Herder-Instituts Marburg $9102600961 lok: 53158167 78 exp: 53158167 78 1 #EPN 201B/01 $010-07-25 $t09:35:43.000 201C/01 $010-07-25 201U/01 $0utf8 203@/01 $0131370654X 208@/01 $a10-07-25 $be 209A/01 $a/ $f000 $x00 209A/01 $ab*p $x01 220C/01 $apgar 244Z/01 $#Generalgouvernement Polen $#Polska $#Rzeczpospolita Polska $#Polska Rzeczpospolita Ludowa $#Poland $#Pologne $#République Polonaise $#Generalne Gubernatorstwo w Polsce $#Polish People's Republic $#Polska Rzeczpospolita Polen $#PRL $#RP $#Polen Generalgouvernement $#Polska Generalgouvernement $#Besetzte Polnische Gebiete $#Besetztes Gebiet in Polen $#Okupowane Polskie Obszary $#Obszary Okupowane w Polsce $#Volksrepublik Polen $#Polska Rosyjska $#Republic Polen $#Respublika Pol'ša $#Pol'skaja Narodnaja Respublika $#République de Pologne $#Polen Links der Weichsel $#Polska po Lewej Stronie Wisły $#Lenkija $#Polija $#Gubernija Carstva Pol'skago $#Republik Polen $74046496-9 $8--Tg1--Polen $x01 $9085129801 244Z/01 $#Schlesien $#Schlesien $#Herzogtum Schlesien $#Herzogtum Schlesien Schlesien $#Provinz Schlesien $#Śla̜sk $#Slezsko $#Silesia $74052678-1 $8--Tg1--Schlesien $x02 $9085146781 247C/01 $82080>Marburg/Lahn, Herder-Institut, Forschungsbibliothek, Bibliographieportal $9336309341
| LEADER | 00000cam a2200000 c 4500 | ||
|---|---|---|---|
| 001 | 531581675 | ||
| 003 | DE-603 | ||
| 005 | 20250807135845.0 | ||
| 007 | tu | ||
| 008 | 250707s2025 xx |||| | u00||u|pol c | ||
| 020 | |a 9788397539709 |c ((oprawa miękka ;) | ||
| 020 | |a 8397539700 | ||
| 020 | |a 9788368348262 |c ((oprawa miękka ;) | ||
| 020 | |a 8368348269 | ||
| 035 | |a (DE-599)HEB531581675 | ||
| 035 | |a (OCoLC)1527062608 | ||
| 040 | |a DE-603 |b ger |c DE-603 |d DE-603 |e rda | ||
| 041 | |a pol |h eng |h ger |h ita | ||
| 082 | 0 | 4 | |8 1\u |a 200.943809041 |q DE-101 |2 23/BSB |
| 085 | |8 1\u |b 200.9 | ||
| 085 | |8 1\u |z 1 |s 09041 | ||
| 085 | |8 1\u |z 1 |s 09042 | ||
| 085 | |8 1\u |z 2 |s 438 | ||
| 085 | |8 1\u |z 2 |s 45 | ||
| 100 | 1 | |a Bednarski, Damian |d 1975- |e Verfasser |4 aut |0 (DE-603)377733806 |0 (DE-588)1094895768 |2 gnd | |
| 245 | 0 | 0 | |a Misja Wysokich Komisarzy Kościelnych na Górnym Śląsku podczas powstań śląskich i plebiscytu |c Damian Bednarski. |
| 264 | 1 | |a Katowice |b Centrum Badań nad Historią Kościoła im. ks. Wincentego Myszora ; Instytut Gość Media ; Księgarnia św. Jacka |c 2025 | |
| 300 | |a 348 Seiten |c 24 cm | ||
| 336 | |a Text |b txt |2 rdacontent | ||
| 337 | |a ohne Hilfsmittel zu benutzen |b n |2 rdamedia | ||
| 338 | |a Band |b nc |2 rdacarrier | ||
| 490 | 0 | |a Źródła do Dziejów Kościoła Katolickiego na Górnym Śląsku |v nr 36 | |
| 500 | |a Quellen- und Literaturverzeichnis Seite 99-113 | ||
| 546 | |a Inhaltsverzeichnis auch auf Englisch | ||
| 600 | 0 | 7 | |a Pius |b XI. |c Papst |d 1857-1939 |0 (DE-588)118594745 |0 (DE-603)086935720 |2 gnd |
| 600 | 1 | 7 | |a Gasparri, Pietro |d 1852-1934 |0 (DE-588)118689657 |0 (DE-603)087030470 |2 gnd |
| 610 | 1 | 7 | |a Katholische Kirche |b Sancta Sedes |2 gnd |0 (DE-588)2003256-0 |0 (DE-603)042598532 |
| 610 | 1 | 7 | |a Katholische Kirche |b Nuntiatur |g Polen, 1918- |2 gnd |0 (DE-588)5080570-8 |0 (DE-603)044935358 |
| 648 | 7 | |a Geschichte 1919-1921 |2 gnd | |
| 650 | 7 | |a Klerus |0 (DE-588)4031147-8 |0 (DE-603)08508249X |2 gnd | |
| 650 | 7 | |a Aufstände in Oberschlesien |g 1919-1921 |0 (DE-588)4470585-2 |0 (DE-603)088973816 |2 gnd | |
| 650 | 7 | |a Volksabstimmung in Oberschlesien |0 (DE-588)4172286-3 |0 (DE-603)08579578X |2 gnd | |
| 650 | 7 | |a Außenpolitik |0 (DE-588)4003846-4 |0 (DE-603)085002038 |2 gnd | |
| 651 | 7 | |a Polen |0 (DE-588)4046496-9 |0 (DE-603)085129801 |2 gnd | |
| 651 | 7 | |a Oberschlesien |0 (DE-588)4042978-7 |0 (DE-603)085119679 |2 gnd | |
| 655 | 7 | |a Quelle |2 gnd-content |0 (DE-588)4135952-5 |0 (DE-603)085503576 | |
| 655 | 7 | |a Schriftverkehr |2 gnd-content |0 (DE-588)4180011-4 |0 (DE-603)085858447 | |
| 856 | 4 | 2 | |m V:DE-603;B:DE-Mb50 |q application/pdf |u http://scans.hebis.de/HEBCGI/show.pl?53158167_bib.pdf |3 Buch Bibliographie |
| 856 | 4 | 2 | |m V:DE-603;B:DE-Mb50 |q application/pdf |u http://scans.hebis.de/HEBCGI/show.pl?53158167_cov.pdf |3 Cover |
| 856 | 4 | 2 | |m V:DE-603;B:DE-Mb50 |q application/pdf |u http://scans.hebis.de/HEBCGI/show.pl?53158167_idx.pdf |3 Register |
| 856 | 4 | 2 | |m V:DE-603;B:DE-Mb50 |q application/pdf |u http://scans.hebis.de/HEBCGI/show.pl?53158167_toc.pdf |3 Inhaltsverzeichnis |
| 924 | 0 | |9 Mb 50 |a (DE-603)1312190019 |b DE-Mb50 |c HES |d c |g 25.03470 | |
| 924 | 0 | |9 2080 |a (DE-603)131370654X |b DE-2080 |c HES |d d |g / | |


